L'enseignement primaire en Espagne et en Amerique Latine du XVIIIe siecle a nos jours (Record no. 7107)

MARC details
000 -LEADER
campo de control de longitud fija 01215nam a2200265 i 4500
001 - NÚMERO DE CONTROL
campo de control 7107
003 - IDENTIFICADOR DE NÚMERO DE CONTROL
campo de control ES-MaACL
005 - FECHA Y HORA DE LA ÚLTIMA TRANSACCIÓN
campo de control 20240305181200.0
007 - CAMPO FIJO DE DESCRIPCIÓN FÍSICA--INFORMACIÓN GENERAL
campo de control de longitud fija t|
008 - DATOS DE LONGITUD FIJA--INFORMACIÓN GENERAL
campo de control de longitud fija 900820s1986 fr |||| | fre d
020 ## - NÚMERO INTERNACIONAL ESTÁNDAR DEL LIBRO
Número Internacional Estándar del Libro 2-86906-013-0
080 ## - NÚMERO DE LA CLASIFICACIÓN DECIMAL UNIVERSAL
Número de la Clasificación Decimal Universal 373(46)"17/19"
080 ## - NÚMERO DE LA CLASIFICACIÓN DECIMAL UNIVERSAL
Número de la Clasificación Decimal Universal 373(8.03)"17/19"
245 02 - MENCIÓN DEL TÍTULO
Título L'enseignement primaire en Espagne et en Amerique Latine du XVIIIe siecle a nos jours
Resto del título : politiques educatives et realites scolaires /
Mención de responsabilidad, etc. Actes du colloque de Tours (29-30 novembre 1985), [organisee par] Centre Interuniversitaire de Recherche sur l'Education dans le Monde Iberique et Ibero-Americain ; avant-propos par Jean-Rene Aymes, Eve-Marie Fell, Jean-Louis Guereña.
260 ## - PUBLICACIÓN, DISTRIBUCIÓN, ETC.
Lugar de publicación, distribución, etc. Tours :
Nombre del editor, distribuidor, etc. L'Universite,
Fecha de publicación, distribución, etc. 1986.
300 ## - DESCRIPCIÓN FÍSICA
Extensión VII, 632 p. ;
Dimensiones 24 cm.
490 1# - MENCIÓN DE SERIE
Mención de serie Etudes Hispaniques ;
Designación de volumen o secuencia 6-7
650 #4 - PUNTO DE ACCESO ADICIONAL DE MATERIA--TÉRMINO DE MATERIA
Término de materia o nombre geográfico como elemento de entrada Enseñanza primaria-
Subdivisión geográfica España-
Subdivisión de forma Historia.
9 (RLIN) 167960
650 17 - PUNTO DE ACCESO ADICIONAL DE MATERIA--TÉRMINO DE MATERIA
Término de materia o nombre geográfico como elemento de entrada Enseñanza primaria-
Subdivisión geográfica América Latina
Fuente del encabezamiento o término
9 (RLIN) 167961
710 2# - ENTRADA AGREGADA--NOMBRE DE ENTIDAD CORPORATIVA
Nombre de entidad corporativa o nombre de jurisdicción como elemento de entrada Centre Interuniversitaire de Recherche sur l'Education dans le Monde Iberique et Ibero-Americain.
9 (RLIN) 2558
710 1# - ENTRADA AGREGADA--NOMBRE DE ENTIDAD CORPORATIVA
Nombre de entidad corporativa o nombre de jurisdicción como elemento de entrada Université de Tours.
9 (RLIN) 7491
830 0# - PUNTO DE ACCESO ADICIONAL DE SERIE-TÍTULO UNIFORME
Título uniforme Etudes Hispaniques ;
Designación de volumen o secuencia 6-7
9 (RLIN) 227856
852 ## - LOCALIZACIÓN
Ubicación ES-MaACL
Número de control de estantería L-14258
Holdings
Estatus retirado Estado de pérdida Estado de daño No para préstamo Biblioteca de origen Biblioteca actual Ubicación en estantería Fecha de adquisición Fuente de adquisición Total de préstamos Signatura topográfica completa Código de barras Visto por última vez Precio de reemplazo Tipo de ítem Koha
        Biblioteca del Ateneo de Madrid Biblioteca del Ateneo de Madrid Depósito 2 17/01/2008     L-14258 1007245 23/02/2023 23/02/2023 Libro impreso